[Event "AUTO-OPEN-3307"]
[Site "http://www.queenalice.com/game.php?id=1333824"]
[Date "2015.1.8"]
[Round "2"]
[White "wiktormool"]
[Black "enrosque"]
[Result "0-1"]
[WhiteElo "1932"]
[BlackElo "2507"]

1. e4 e6 2. c4 d5 3. cxd5 exd5 4. Nc3 dxe4 5. Nxe4 Nf6 6. d3 Nxe4 7. dxe4 Qxd1+
8. Kxd1 Bc5 9. f3 Nc6 10. Bb5 Bd7 11. Bf4 O-O-O 12. Kc1 Nd4 13. Bc4 Be6 14.
Bxe6+ Nxe6 15. Ne2 Nxf4 16. Nxf4 Be3+ 0-1

[Event "AUTO-OPEN-3307"]
[Site "http://www.queenalice.com/game.php?id=1333825"]
[Date "2015.1.8"]
[Round "2"]
[White "enrosque"]
[Black "wiktormool"]
[Result "1-0"]
[WhiteElo "2524"]
[BlackElo "2010"]

1. d4 e6 2. c4 c5 3. d5 e5 4. Nc3 d6 5. e4 Nf6 6. Be2 Na6 7. f4 exf4 8. Bxf4 Qe7
9. Qc2 Nb4 10. Qb1 Ng4 11. a3 Na6 12. Nf3 Qf6 13. Qc1 h6 14. O-O Bd7 15. h3 Ne5
16. Bh2 Nxf3+ 17. Rxf3 Qg6 18. e5 dxe5 19. Bxe5 Be7 20. Qe1 O-O 21. Bd3 f5 22.
Rg3 Bg5 23. h4 1-0

[Event "AUTO-OPEN-3307"]
[Site "http://www.queenalice.com/game.php?id=1333832"]
[Date "2015.1.8"]
[Round "2"]
[White "enrosque"]
[Black "Manoeljoaquim"]
[Result "1-0"]
[WhiteElo "2503"]
[BlackElo "1925"]

1. d4 Nf6 2. c4 e6 3. Nf3 Be7 4. Nc3 d5 5. Bg5 Nbd7 6. e3 Ne4 7. Bxe7 Nxc3 8.
Bxd8 Nxd1 9. Bxc7 Nxb2 10. c5 Nc4 11. Bxc4 dxc4 12. Rc1 b5 13. a4 a6 14. c6 Nf6
15. Ke2 O-O 16. Bd6 Re8 17. Nd2 Nd5 18. Ne4 f5 19. Nc5 c3 20. axb5 axb5 21. Ra1
Rxa1 22. Rxa1 b4 23. Kd3 g5 24. f3 h5 25. e4 Nf4+ 26. Bxf4 gxf4 27. Kc4 fxe4 28.
Nxe4 e5 29. Nf6+ 1-0

[Event "AUTO-OPEN-3307"]
[Site "http://www.queenalice.com/game.php?id=1333833"]
[Date "2015.1.8"]
[Round "2"]
[White "Manoeljoaquim"]
[Black "enrosque"]
[Result "0-1"]
[WhiteElo "1927"]
[BlackElo "2502"]

1. Nf3 d5 2. d4 Nf6 3. Nc3 Bf5 4. e3 e6 5. h3 Bb4 6. Bd2 O-O 7. Bd3 Nc6 8. Bxf5
exf5 9. a3 Bxc3 10. Bxc3 Qd6 11. Qe2 a6 12. Rb1 f4 13. O-O fxe3 14. Qxe3 Rae8
15. Qd3 Ne4 16. b4 Re6 17. Ba1 b5 18. Rbe1 Qf4 19. Re3 Ne7 20. Ne5 Nf5 21. Rf3
Qg5 22. Rxf5 Qxf5 23. f3 Ng3 24. Qxf5 Nxf5 25. Nd7 Rfe8 26. Nc5 Re2 27. Nxa6
Rxc2 28. Nc5 Ree2 0-1

[Event "AUTO-OPEN-3437"]
[Site "http://www.queenalice.com/game.php?id=1342203"]
[Date "2015.2.17"]
[Round "1"]
[White "paco78"]
[Black "enrosque"]
[Result "0-1"]
[WhiteElo "1944"]
[BlackElo "2525"]

1. d4 Nf6 2. Nc3 d5 3. h3 Bf5 4. Bf4 c6 5. Nf3 e6 6. a3 Be7 7. Nh4 Be4 8. f3 Nh5
9. fxe4 Bxh4+ 10. g3 Nxf4 11. gxh4 Qxh4+ 12. Kd2 Qf2 13. Kc1 dxe4 14. Qd2 e3 15.
Qd1 f5 16. b4 O-O 17. b5 Rd8 18. Kb2 cxb5 19. Nxb5 Nc6 20. a4 a6 21. Nc3 Rxd4
22. Qc1 Ne5 23. Nd1 Qe1 24. Qxe3 Nc4+ 25. Kb3 Nxe3 26. Bg2 Qb4+ 27. Ka2 Qxa4+
28. Kb2 Qxc2+ 29. Ka3 Ra4# 0-1

[Event "AUTO-OPEN-3437"]
[Site "http://www.queenalice.com/game.php?id=1342204"]
[Date "2015.2.17"]
[Round "1"]
[White "enrosque"]
[Black "paco78"]
[Result "1-0"]
[WhiteElo "2526"]
[BlackElo "1922"]

1. d4 d5 2. c4 dxc4 3. Nc3 Nf6 4. e4 Bg4 5. f3 Bh5 6. Bxc4 e6 7. Bg5 Nbd7 8. e5
h6 9. Bh4 g5 10. Bf2 Nb6 11. exf6 Nxc4 12. Qa4+ c6 13. Qxc4 Qxf6 14. Bg3 O-O-O
15. Be5 Qe7 16. Bxh8 f6 17. Nge2 Bg6 18. O-O h5 19. Ne4 f5 20. Bf6 Qe8 21. Bxd8
Qxd8 22. Qxe6+ Kb8 23. Qxg6 fxe4 24. fxe4 h4 25. Qg8 Be7 26. Qxd8+ Bxd8 27. Rf8
Kc7 28. Rxd8 Kxd8 29. Rf1 Ke7 30. Rf5 g4 31. Rg5 g3 32. hxg3 hxg3 33. Rg7+ Kd6
34. Nf4 a5 35. e5# 1-0

[Event "AUTO-OPEN-3437"]
[Site "http://www.queenalice.com/game.php?id=1342223"]
[Date "2015.2.17"]
[Round "1"]
[White "enrosque"]
[Black "clovis"]
[Result "1-0"]
[WhiteElo "2522"]
[BlackElo "2026"]

1. d4 d5 2. c4 c6 3. Nc3 e6 4. e4 dxe4 5. Nxe4 Bb4+ 6. Bd2 Qxd4 7. Bxb4 Qxe4+ 8.
Be2 Nd7 9. Nf3 c5 10. Bc3 Ngf6 11. Qd6 b6 12. Nd2 Qg6 13. Bf3 Rb8 14. Bc6 Bb7
15. Bxf6 Bxc6 16. Qe7# 1-0

[Event "AUTO-OPEN-3437"]
[Site "http://www.queenalice.com/game.php?id=1342224"]
[Date "2015.2.17"]
[Round "1"]
[White "clovis"]
[Black "enrosque"]
[Result "0-1"]
[WhiteElo "2063"]
[BlackElo "2523"]

1. e4 e6 2. d4 d5 3. exd5 exd5 4. c4 Nf6 5. Nf3 Bb4+ 6. Nc3 O-O 7. Bd3 dxc4 8.
Bxc4 Bg4 9. O-O Nc6 10. d5 Ne5 11. Be2 Bxf3 12. Bxf3 Nxf3+ 13. Qxf3 Bxc3 14.
bxc3 Qxd5 15. Qg3 Qc6 16. Bf4 Nh5 17. Qg5 Nxf4 18. Qxf4 Rfe8 19. h3 Re4 20. Qg5
Rae8 21. Rad1 g6 22. Rd3 Re2 23. Rfd1 Rxa2 24. Rd7 Re1+ 25. Rxe1 Qxd7 26. Re7
Qd1+ 27. Kh2 Qd6+ 28. f4 f6 0-1

[Event "AUTO-OPEN-3307"]
[Site "http://www.queenalice.com/game.php?id=1351793"]
[Date "2015.4.4"]
[Round "3"]
[White "Brucybabe"]
[Black "enrosque"]
[Result "0-1"]
[WhiteElo "2160"]
[BlackElo "2521"]

1. d4 Nf6 2. c4 g6 3. Nc3 d5 4. Qb3 dxc4 5. Qxc4 Bg7 6. Bf4 c6 7. O-O-O Be6 8.
Qd3 Nd5 9. Nxd5 Qxd5 10. b3 Bf5 11. Qd2 Qe4 12. Kb2 c5 13. e3 cxd4 14. Ka3 e5
15. Bg3 Bf8+ 16. Kb2 Nc6 17. f3 Qxe3 18. Qxe3 dxe3 19. Bb5 Bg7 20. Bxc6+ bxc6
21. Kc1 a5 22. Ne2 a4 23. b4 Rb8 24. a3 c5 0-1

[Event "AUTO-OPEN-3307"]
[Site "http://www.queenalice.com/game.php?id=1351794"]
[Date "2015.4.4"]
[Round "3"]
[White "enrosque"]
[Black "Brucybabe"]
[Result "1-0"]
[WhiteElo "2523"]
[BlackElo "2153"]

1. e4 c5 2. Nf3 Nc6 3. d4 cxd4 4. Nxd4 Nf6 5. Nc3 g6 6. Nxc6 bxc6 7. e5 Ng8 8.
Bc4 Bg7 9. Qf3 e6 10. Bf4 f6 11. Ne4 Qa5+ 12. b4 Qxb4+ 13. Bd2 1-0

[Event "AUTO-ELITE-1482"]
[Site "http://www.queenalice.com/game.php?id=1353205"]
[Date "2015.4.12"]
[Round "1"]
[White "FabioDavid"]
[Black "enrosque"]
[Result "1/2-1/2"]
[WhiteElo "2383"]
[BlackElo "2524"]

1. b3 d5 2. Bb2 Nf6 3. e3 g6 4. Nf3 Bg7 5. c4 O-O 6. cxd5 Nxd5 7. Bxg7 Kxg7 8.
d4 Bg4 9. Be2 c5 10. O-O cxd4 11. Qxd4+ Nf6 12. Qb2 Nc6 13. Nbd2 Rc8 14. h3 Bxf3
15. Nxf3 Qb6 16. Rac1 Rfd8 17. a3 Kg8 18. b4 Ne4 19. b5 Nd6 20. a4 a6 21. h4
axb5 22. axb5 Nb8 23. h5 Nd7 24. hxg6 hxg6 25. Ne5 Nf6 26. Bf3 Rxc1 27. Rxc1
Qxb5 28. Qxb5 Nxb5 29. Bxb7 Rd2 30. Nc4 Rd3 31. Bf3 Rc3 32. Rxc3 1/2-1/2

[Event "AUTO-ELITE-1482"]
[Site "http://www.queenalice.com/game.php?id=1353206"]
[Date "2015.4.12"]
[Round "1"]
[White "enrosque"]
[Black "FabioDavid"]
[Result "1/2-1/2"]
[WhiteElo "2522"]
[BlackElo "2382"]

1. e4 Nc6 2. Nf3 d6 3. d4 Nf6 4. Nc3 Bg4 5. Be3 e6 6. h3 Bxf3 7. Qxf3 d5 8.
O-O-O Nxe4 9. Nxe4 dxe4 10. Qxe4 Qd5 11. Qxd5 exd5 12. g3 Bd6 13. Bg2 Ne7 14.
Rhe1 c6 15. h4 Kd7 16. Bf1 Rhe8 17. a3 Nf5 18. Bh3 g6 19. Bd2 Kc7 20. Bxf5 gxf5
21. Rxe8 Rxe8 22. Re1 Rxe1+ 23. Bxe1 f4 24. g4 f3 25. Kd2 Be7 26. h5 Bg5+
1/2-1/2

[Event "AUTO-ELITE-1482"]
[Site "http://www.queenalice.com/game.php?id=1353211"]
[Date "2015.4.12"]
[Round "1"]
[White "nnetto"]
[Black "enrosque"]
[Result "1-0"]
[WhiteElo "2325"]
[BlackElo "2486"]

1. e4 e6 2. d4 d5 3. Nc3 Bb4 4. e5 c5 5. a3 Bxc3+ 6. bxc3 Ne7 7. Qg4 Kf8 8. Bd2
Qc7 9. Bd3 b6 10. Nf3 h6 11. O-O c4 12. Be2 Kg8 13. a4 Kh7 14. Qf4 Rf8 15. Bc1
Ng6 16. Qg4 Nc6 17. Ba3 Rg8 18. a5 b5 19. Rfb1 a6 20. Bc1 Re8 21. Nh4 Nxh4 22.
Qxh4 Qd8 23. Qxd8 Rxd8 24. Ba3 Bb7 25. Bc5 Rac8 26. Rf1 Rh8 27. f4 g6 28. g4
Rcg8 29. Kf2 1-0

[Event "AUTO-ELITE-1482"]
[Site "http://www.queenalice.com/game.php?id=1353212"]
[Date "2015.4.12"]
[Round "1"]
[White "enrosque"]
[Black "nnetto"]
[Result "1-0"]
[WhiteElo "2519"]
[BlackElo "2363"]

1. e4 c5 2. Nf3 d6 3. d4 cxd4 4. Nxd4 Nf6 5. Nc3 a6 6. Be3 d5 7. e5 Ng4 8. e6
Nf6 9. exf7+ Kxf7 10. f4 e6 11. Nf3 Kg8 12. Qd3 Ng4 13. Bg1 Bd6 14. g3 Nc6 15.
O-O-O Qa5 16. Kb1 h5 17. Ng5 Rh6 18. Bg2 Bb4 19. Nxd5 exd5 20. Bxd5+ Kf8 21. a3
Bd6 22. Bxc6 Be7 23. b4 Qc7 24. Bd5 Bd7 25. Bd4 a5 26. Rhe1 Nf6 27. Rxe7 Kxe7
28. Qe3+ 1-0

[Event "AUTO-ELITE-1525"]
[Site "http://www.queenalice.com/game.php?id=1371831"]
[Date "2015.7.15"]
[Round "1"]
[White "enrosque"]
[Black "Donidon"]
[Result "0-1"]
[WhiteElo "2504"]
[BlackElo "2445"]

1. d4 Nf6 2. c4 d5 3. Nc3 g6 4. cxd5 Nxd5 5. e4 Nxc3 6. bxc3 c5 7. Bc4 Bg7 8.
Ne2 O-O 9. Be3 Nc6 10. O-O cxd4 11. cxd4 Bg4 12. f3 Na5 13. Bxf7+ Rxf7 14. fxg4
Rxf1+ 15. Kxf1 e5 16. Kg1 exd4 17. Bxd4 Bxd4+ 18. Nxd4 Qb6 19. Rb1 Qd8 20. Rb5
a6 0-1

[Event "AUTO-ELITE-1525"]
[Site "http://www.queenalice.com/game.php?id=1371832"]
[Date "2015.7.15"]
[Round "1"]
[White "Donidon"]
[Black "enrosque"]
[Result "1-0"]
[WhiteElo "2454"]
[BlackElo "2495"]

1. e4 e6 2. d4 d5 3. Nc3 Nf6 4. e5 Nfd7 5. f4 c5 6. Nf3 a6 7. Be3 Qb6 8. Na4
Qa5+ 9. c3 cxd4 10. b4 Qc7 11. Qxd4 b5 12. Nb2 Nc6 13. Qd2 f6 14. Be2 fxe5 15.
fxe5 Ndxe5 16. Nxe5 Nxe5 17. Bf4 Bd6 18. O-O O-O 19. Bg3 Bd7 20. Qe3 Rac8 21.
Rxf8+ 1-0

[Event "AUTO-ELITE-1525"]
[Site "http://www.queenalice.com/game.php?id=1371833"]
[Date "2015.7.15"]
[Round "1"]
[White "enrosque"]
[Black "scaccomatto"]
[Result "0-1"]
[WhiteElo "2524"]
[BlackElo "2411"]

1. e4 e5 2. Nf3 Nc6 3. Bb5 Nf6 4. d3 Bc5 5. c3 O-O 6. Bxc6 bxc6 7. Nxe5 d5 8. d4
Bb6 9. Bg5 c5 10. dxc5 Bxc5 11. Nd3 Be7 12. e5 Nd7 13. Be3 Ba6 14. f4 Qb8 15. b3
Qb5 16. Nf2 Qc6 17. Qf3 f6 18. exf6 Bxf6 19. Kd1 Rae8 20. Re1 Nc5 21. Kc2 Rf7
0-1

[Event "AUTO-ELITE-1525"]
[Site "http://www.queenalice.com/game.php?id=1371834"]
[Date "2015.7.15"]
[Round "1"]
[White "scaccomatto"]
[Black "enrosque"]
[Result "1-0"]
[WhiteElo "2433"]
[BlackElo "2514"]

1. d4 Nf6 2. c4 g6 3. Nc3 Bg7 4. e4 d6 5. h3 Nbd7 6. Be3 O-O 7. Bd3 c6 8. Nf3 e5
9. d5 cxd5 10. cxd5 a6 11. Nd2 b5 12. b4 Bb7 13. a4 bxa4 14. Nc4 Qb8 15. Qxa4
Rc8 16. O-O Rc7 17. Qb3 Bf8 18. Na5 Nh5 19. Ne2 Ng7 20. Ng3 Nf6 21. Ra4 Nd7 22.
Rfa1 Qd8 23. b5 1-0